| 000 | 00991cam a2200313Ia 4500 | ||
|---|---|---|---|
| 001 | 58697 | ||
| 005 | 20230410130524.0 | ||
| 008 | 020917t20021976pr bd 000 0 spa d | ||
| 035 | _a(OCoLC)ocm50619456 | ||
| 040 |
_aTJC _cTJC |
||
| 020 | _a8439967020 | ||
| 020 | _a9788439967026 | ||
| 035 | _a(OCoLC)50619456 | ||
| 043 | _anwpr--- | ||
| 050 | 1 | 4 |
_aPM5095 _b.H558d 2002 |
| 049 | _aGRAL | ||
| 100 | 1 | _aHernández Aquino, Luis. | |
| 245 | 1 | 0 |
_aDiccionario de voces indigenas de Puerto Rico / _cLuis Hernández Aquino. |
| 250 | _a4. ed. | ||
| 260 |
_aSan Juan, P.R. : _bEditorial Cultural, _c[2002], c1976. |
||
| 300 |
_a456 p. ; _c23 cm. |
||
| 504 | _aIncludes bibliographical references (p. 447-456). | ||
| 650 | 0 |
_aIndians of the West Indies _zPuerto Rico _xLanguages _vDictionaries _xSpanish. |
|
| 650 | 0 |
_aNames, Indian _zPuerto Rico _vDictionaries _xSpanish. |
|
| 650 | 0 |
_aNames, Geographical _zPuerto Rico. |
|
| 942 |
_2lcc _cbk |
||
| 994 |
_aC0 _bDRFGD |
||
| 946 | _aLspaulino | ||
| 999 |
_c75502 _d75502 |
||